Canzoniere dei bambini (Il) vol.2-Lp Sm 3411 (Record n. 102418)

Dettagli MARC
000 -LEADER
fixed length control field 03619njm a2200541Ia 4500
001 - CONTROL NUMBER
control field 23921
003 - CONTROL NUMBER IDENTIFIER
control field IT-RoPAU
005 - DATE AND TIME OF LATEST TRANSACTION
control field 20220918181154.0
008 - FIXED-LENGTH DATA ELEMENTS--GENERAL INFORMATION
fixed length control field 131025s9999 xx 000 0 und d
040 ## - CATALOGING SOURCE
Original cataloging agency IT-RoPAU
040 ## - CATALOGING SOURCE
Transcribing agency IT-RoPAU
041 ## - LANGUAGE CODE
Language code of text/sound track or separate title ITALIANO
999 ## - SYSTEM CONTROL NUMBERS (KOHA)
Koha Dewey Subclass [OBSOLETE] n.d.
100 ## - MAIN ENTRY--PERSONAL NAME
Personal name AA.VV.
9 (RLIN) 794
100 ## - MAIN ENTRY--PERSONAL NAME
Relator term Autore musica
9 (RLIN) 7513
100 ## - MAIN ENTRY--PERSONAL NAME
Miscellaneous information Codice autore musica SPICS: 12000
9 (RLIN) 796
245 ## - TITLE STATEMENT
Title Canzoniere dei bambini (Il) vol.2-Lp Sm 3411
250 ## - EDITION STATEMENT
Edition statement 1a ed.
260 ## - PUBLICATION, DISTRIBUTION, ETC. (IMPRINT)
Place of publication, distribution, etc. ITALIA
260 ## - PUBLICATION, DISTRIBUTION, ETC. (IMPRINT)
Name of publisher, distributor, etc. SIGNAL RECORD
Date of publication, distribution, etc. 1972 [1a Ed.:1972]
300 ## - PHYSICAL DESCRIPTION
Extent DISCO
500 ## - GENERAL NOTE
General note Canzoni per bambini. Musica per bambini.
505 ## - FORMATTED CONTENTS NOTE
Formatted contents note La marcia di Topolino - Ehi Oh - Ricordate Marcellino - La scuola di Pierino - Trombolino e Pennacchietta - Dudulalà - I Tre porcellini. Who's Afraid of the Big Bad Wolf? - Cin cin... Ping pong - E verrà quel dì di lune - Il piccolo naviglio - Il mio bel castello - Ma che musica maestro
511 ## - PARTICIPANT OR PERFORMER NOTE
Participant or performer note Coro de I Sanremini diretti da Ornella Bazzini
650 ## - SUBJECT ADDED ENTRY--TOPICAL TERM
Topical term or geographic name as entry element CANTI BAMBINI [DISCHI]
Relator term Codice MATERIA SPICS: 9950
9 (RLIN) 2086
700 ## - ADDED ENTRY--PERSONAL NAME
Personal name I Sanremini
Dates associated with a name Codice interprete SPICS: 14058
Relator term Interprete
9 (RLIN) 7514
700 ## - ADDED ENTRY--PERSONAL NAME
Personal name Testoni Giancarlo
Dates associated with a name Codice autore musica SPICS: 13524
Relator term Autore musica
Name of part/section of a work La marcia di Topolino
9 (RLIN) 7515
700 ## - ADDED ENTRY--PERSONAL NAME
Personal name Devilli (Curci Alberto)
Dates associated with a name Codice autore SPICS: 13392
Relator term Autore
Name of part/section of a work La marcia di Topolino - Ehi Oh
9 (RLIN) 7516
700 ## - ADDED ENTRY--PERSONAL NAME
Personal name Dodd Dorsey
Dates associated with a name Codice autore testo/musica SPICS: 8019
Relator term Autore testo/musica
Name of part/section of a work La marcia di Topolino
9 (RLIN) 7517
700 ## - ADDED ENTRY--PERSONAL NAME
Personal name Morey
Dates associated with a name Codice autore musica SPICS: 25269
Relator term Autore musica
Name of part/section of a work Ehi Oh
9 (RLIN) 7518
700 ## - ADDED ENTRY--PERSONAL NAME
Personal name Panzeri Mario
Dates associated with a name Codice autore testo/musica SPICS: 13372
Relator term Autore testo/musica
Name of part/section of a work Ehi Oh
9 (RLIN) 7519
700 ## - ADDED ENTRY--PERSONAL NAME
Personal name Savona Virgilio A.
Dates associated with a name Codice autore musica SPICS: 1568
Relator term Autore musica
Name of part/section of a work Ricordate Marcellino
9 (RLIN) 7520
700 ## - ADDED ENTRY--PERSONAL NAME
Personal name Giacobetti Giovanni (Tata)
Dates associated with a name Codice autore testo/musica SPICS: 13483
Relator term Autore testo/musica
Name of part/section of a work Ricordate Marcellino - Trombolino e Pennacchietta
9 (RLIN) 7521
700 ## - ADDED ENTRY--PERSONAL NAME
Personal name Balloni
Dates associated with a name Codice autore musica SPICS: 14141
Relator term Autore musica
Name of part/section of a work La scuola di Pierino - Cin cin... Ping pong - E verrà quel dì di lune - Il piccolo naviglio - Il mio bel castello
9 (RLIN) 7522
700 ## - ADDED ENTRY--PERSONAL NAME
Personal name Kramer Gorni
Dates associated with a name Codice autore testo/musica SPICS: 11552
Relator term Autore testo/musica
Name of part/section of a work Trombolino e Pennacchietta
9 (RLIN) 7523
700 ## - ADDED ENTRY--PERSONAL NAME
Personal name Levi
Dates associated with a name Codice autore musica SPICS: 22692
Relator term Autore musica
Name of part/section of a work Dudulalà
9 (RLIN) 7524
700 ## - ADDED ENTRY--PERSONAL NAME
Personal name Carballo
Dates associated with a name Codice autore SPICS: 26133
Relator term Autore
Name of part/section of a work Dudulalà
9 (RLIN) 7525
700 ## - ADDED ENTRY--PERSONAL NAME
Personal name Climax
Dates associated with a name Codice autore testo/musica SPICS: 26134
Relator term Autore testo/musica
Name of part/section of a work Dudulalà
9 (RLIN) 7526
700 ## - ADDED ENTRY--PERSONAL NAME
Personal name Churchill
Dates associated with a name Codice autore musica SPICS: 13393
Relator term Autore musica
Name of part/section of a work I Tre porcellini. Who's Afraid of the Big Bad Wolf?
9 (RLIN) 7527
700 ## - ADDED ENTRY--PERSONAL NAME
Personal name Misselvia
Dates associated with a name Codice autore SPICS: 14169
Relator term Autore
Name of part/section of a work I Tre porcellini. Who's Afraid of the Big Bad Wolf?
9 (RLIN) 7528
700 ## - ADDED ENTRY--PERSONAL NAME
Personal name Wayne M.
Dates associated with a name Codice autore testo/musica SPICS: 25135
Relator term Autore testo/musica
Name of part/section of a work I Tre porcellini. Who's Afraid of the Big Bad Wolf?
9 (RLIN) 7529
700 ## - ADDED ENTRY--PERSONAL NAME
Personal name Moretto G.
Dates associated with a name Codice autore SPICS: 14142
Relator term Autore
Name of part/section of a work Cin cin... Ping pong - E verrà quel dì di lune - Il piccolo naviglio - Il mio bel castello
9 (RLIN) 7530
700 ## - ADDED ENTRY--PERSONAL NAME
Personal name Anonimo
Dates associated with a name Codice autore musica SPICS: 2620
Relator term Autore musica
Name of part/section of a work E verrà quel dì di lune - Il piccolo naviglio - Il mio bel castello
9 (RLIN) 7531
700 ## - ADDED ENTRY--PERSONAL NAME
Personal name Paolini Adriana
Dates associated with a name Codice autore musica SPICS: 25277
Relator term Autore musica
Name of part/section of a work Ma che musica maestro
9 (RLIN) 7532
700 ## - ADDED ENTRY--PERSONAL NAME
Personal name Pisano Luigi
Dates associated with a name Codice autore SPICS: 13579
Relator term Autore
Name of part/section of a work Ma che musica maestro
9 (RLIN) 7533
700 ## - ADDED ENTRY--PERSONAL NAME
Personal name Silvestri Franco
Dates associated with a name Codice autore testo/musica SPICS: 13543
Relator term Autore testo/musica
Name of part/section of a work Ma che musica maestro
9 (RLIN) 7534
942 ## - ADDED ENTRY ELEMENTS (KOHA)
Koha item type DISCHI
Source of classification or shelving scheme Dewey Decimal Classification
Dati di copia
Withdrawn status Lost status Damaged status Not for loan Home library Current library Date acquired Total Checkouts Full call number Date last seen Price effective from Koha item type Public note
    Buone Condizioni Not For Loan SPICS-MEDIATECA SPICS-MEDIATECA 25/10/2013   23921 25/10/2013 25/10/2013 DISCHI Progr. Ins.: 4768 / N.Vol.: 1 / Copie: 1 - Copia rara: n.d. / date import: 01.01.2014 - By Epidotti, Trombetti, Vaglietti
CREDITS: SOCIETA' SAN PAOLO Via A.Severo, 58 - ROMA (RM) & PERIODICI SAN PAOLO SRL Via Giotto, 36 MILANO & CISF Via Giotto, 36 MILANO & EDIZIONI SAN PAOLO SRL,  Piazza Soncino, 5 CINISELLO BALSAMO (MI) -- ITALY